000 00519nam a22001817a 4500
005 20240612095242.0
008 240612b |||||||| |||| 00| 0 eng d
040 _aIN-DiNC
_cIN-DiNC
041 _dasm
082 _a891.4513
_bBHA
100 _aBhattacharya, Prabin Kumar
_eauthor
245 _aAbhedya samahar/
_cby Prabin Kumar Bhattacharya
250 _a1st ed.
260 _aGuwahati:
_bManisa Bhattacharya,
_c2016.
300 _a114p.
650 _aAssamese novel by Prabin Kumar Bhattacharya
942 _2ddc
_cBK
999 _c11853
_d11853